000
00323nam a2200121Ia 4500
008
150201s2010 xx 000 0 und d
082
_a
616.01
_b
B07F
100
_a
FORBES, BETTY A
245
_a
BAILEY & SCOTTS DIAGNISTIC MICRIBIOLOGY
260
_b
MOSBY ELSEVIER
_a
DELHI
_c
2010
650
_a
MICROBIOLOGY
942
_2
ddc
_c
BK
_0
4
999
_c
1224
_d
1224